Parole che iniziano con la "Y" - Statistics

Statistiche generali
  • Questo quiz è stato fatto 220 volte
  • Il punteggio medio è 11 su 15
Statistiche sulle risposte
INDIZIO RISPOSTA % Corretto
New ____, la grande Mela York
98%
Il più famoso sito web in cui poter guardare video gratis YouTube
97%
Stato della penisola araba Yemen
96%
Prodotto derivato dal latte Yogurt
95%
Unità monetaria Giapponese Yen
93%
Creatura leggendaria che vive nelle nevi Yeti
91%
Grande barca privata Yacht
90%
Il saluto al Sole è una posizione di questa disciplina Yoga
88%
La forza positiva cinese Yang
62%
Parco situato nel Wyoming famoso per i numerosi geyser e sorgenti termali Yellowstone
59%
Jedi verde di Star Wars, morto a 900 anni Yoda
59%
In questo film Jim Carrey può dire solo sì Yes Man
54%
Neil _____, cantautore che ha fatto "Hearth of Gold" Young
46%
Soprannome dato dagli Inglesi agli abitanti della Nuova Inghilterra Yankee
31%
Uno dei tredici territori del Canada Yukon
20%
Nessun quiz corrispondente trovato
Distribuzione punteggi
Percentuale di utenti per punteggio
Percentile per numero di risposta
I tuoi punteggi nel tempo
Non hai fatto questo quiz